| 000 | 00557nam a2200157 4500 | ||
|---|---|---|---|
| 999 |
_c16945 _d16945 |
||
| 008 | 220523b ||||| |||| 00| 0 eng d | ||
| 022 | _a0117-3308 | ||
| 082 | _aDPer 004.1105 C73 Sept 2010 - April 2011 v. 20 n. 3-9 | ||
| 100 |
_aMichandani, Sanjay. _945188 |
||
| 245 |
_aHow private clouds change IT roles/ _cSanjay Michandani. |
||
| 260 |
_aPhilippines: _bSchneider Electric, _c©2010-2011. |
||
| 300 |
_av20 n6, page 53: _bcolor illustrations; _c27 cm. |
||
| 500 | _aComputer world. | ||
| 650 |
_aInformation technology _xRoles. _945189 |
||
| 942 |
_2ddc _cPER |
||